Boletín de estudios Latinoamericanos y del Caribe /

Salvato in:
Dettagli Bibliografici
Ente Autore: Latin American and Caribbean Studies
Natura: Libro
Lingua:Spanish
Pubblicazione: Amsterdam: Latin American and Caribbean Studies
Soggetti:
Tags: Aggiungi Tag
Nessun Tag, puoi essere il primo ad aggiungerne!!

MARC

LEADER 00000nam a22000007a 4500
003 cru CIDCACS/IIS
005 20200423111511.0
008 200423n ne |||p|r|||||| ||spa|d
999 |c 43102  |d 43102 
040 |c cru CIDCACS/IIS 
090 |a REV0087 
110 2 |9 9264  |a Latin American and Caribbean Studies 
245 1 |a Boletín de estudios Latinoamericanos y del Caribe /  |c Latin American and Caribbean Studies 
260 |a Amsterdam:  |b Latin American and Caribbean Studies 
500 |a EXISTENCIAS :1971-1989 (11-46) Bianual 
650 0 |9 2142  |a DESARROLLO ECONOMICO 
650 0 |9 64  |a CAPITALISMO 
650 0 |9 1180  |a DESARROLLO URBANO 
650 0 |9 2839  |a REGIONALIZACIÓN 
942 |2 ddc  |c PP